[Event "St Chely d'Aubrac op 8th"]
[Site "St Chely d'Aubrac"]
[Date "2008.07.18"]
[Round "8"]
[White "Roignot, Vincent"]
[Black "Saucey, Milena"]
[Result "1-0"]
[WhiteElo "1540"]
[BlackElo "1580"]
[PlyCount "73"]
[EventDate "2008.07.13"]
[EventType "swiss"]
[EventRounds "9"]
[EventCountry "FRA"]
[SourceTitle "CBM 125 Extra"]
[Source "ChessBase"]
[SourceDate "2008.09.01"]
[SourceVersion "1"]
[SourceVersionDate "2008.09.01"]
[SourceQuality "1"]

1. e4 e5 2. Nf3 Nc6 3. Nc3 Nf6 4. Bb5 d6 5. h3 Bd7 6. 0-0 g6 7. d3 Bg7 8. Bg5 a6 9. Ba4 b5 10. Bb3 0-0 11. Qd2 Na5 12. Bh6 Nxb3 13. axb3 Re8 14. Rfe1 Bh8 15. Ne2 Bg7 16. c4 Kh8 17. Bxg7+ Kxg7 18. Ng3 Ng8 19. d4 Bc6 20. dxe5 dxe5 21. Qxd8 Raxd8 22. Rxa6 Bd7 23. Rd1 bxc4 24. bxc4 Bc8 25. Rxd8 Rxd8 26. Ra8 Rd1+ 27. Kh2 Be6 28. b3 f6 29. Ra7 Rd7 30. Rb7 Ne7 31. Ne2 Nc6 32. Rb5 Rd3 33. Rc5 Rd6 34. Nc3 Rd3 35. Rxc6 Rxc3 36. Rxe6 Rxb3 37. Re7+ 1-0

[Event "St Chely d'Aubrac op 8th"]
[Site "St Chely d'Aubrac"]
[Date "2008.07.17"]
[Round "7"]
[White "Roignot, Vincent"]
[Black "De Biasi, Robert"]
[Result "0-1"]
[WhiteElo "1540"]
[BlackElo "1799"]
[PlyCount "106"]
[EventDate "2008.07.13"]
[EventType "swiss"]
[EventRounds "9"]
[EventCountry "FRA"]
[SourceTitle "CBM 125 Extra"]
[Source "ChessBase"]
[SourceDate "2008.09.01"]
[SourceVersion "1"]
[SourceVersionDate "2008.09.01"]
[SourceQuality "1"]

1. e4 c5 2. Nf3 d6 3. d4 cxd4 4. Nxd4 Nf6 5. Nc3 g6 6. Bg5 Bg7 7. Bc4 0-0 8. Nf3 Nc6 9. h3 Bd7 10. 0-0 a6 11. Qd2 Re8 12. Rfe1 Rc8 13. Bb3 Na5 14. e5 Nxb3 15. axb3 dxe5 16. Nxe5 Be6 17. Rad1 Qa5 18. Nf3 Rcd8 19. Qe2 Nd5 20. Nxd5 Rxd5 21. Rxd5 Qxd5 22. c4 Qa5 23. Rd1 Qc7 24. Bd2 Bxb2 25. g3 Bg7 26. Ng5 Bc8 27. Qf3 Bf6 28. Ne4 Bg7 29. Ng5 e5 30. h4 h5 31. Ba5 Qe7 32. Bb4 Qf6 33. Qd5 Bf8 34. Bxf8 Rxf8 35. Re1 Re8 36. Nf3 e4 37. Rxe4 Rd8 38. Qg5 Rd1+ 39. Kg2 Kg7 40. Qxf6+ Kxf6 41. c5 Bd7 42. Rf4+ Kg7 43. Ne5 Be6 44. b4 Bd5+ 45. f3 Rd2+ 46. Kf1 Rc2 47. Kg1 Be6 48. Kh1 Rc3 49. Rd4 Kf6 50. Nd3 Bf5 51. Nf4 Rxf3 52. Kg2 Rb3 53. Rd8 Be4+ 0-1

[Event "St Chely d'Aubrac op 8th"]
[Site "St Chely d'Aubrac"]
[Date "2008.07.16"]
[Round "6"]
[White "Lagunes, Robin"]
[Black "Roignot, Vincent"]
[Result "1-0"]
[WhiteElo "1825"]
[BlackElo "1540"]
[PlyCount "47"]
[EventDate "2008.07.13"]
[EventType "swiss"]
[EventRounds "9"]
[EventCountry "FRA"]
[SourceTitle "CBM 125 Extra"]
[Source "ChessBase"]
[SourceDate "2008.09.01"]
[SourceVersion "1"]
[SourceVersionDate "2008.09.01"]
[SourceQuality "1"]

1. e4 e5 2. Nf3 Nc6 3. Bc4 Bc5 4. Qe2 Nf6 5. Ng5 0-0 6. Nxf7 Rxf7 7. Bxf7+ Kxf7 8. Qc4+ Ke8 9. Qxc5 Nxe4 10. Qe3 d5 11. d3 Nd4 12. Na3 Nf6 13. Qxe5+ Ne6 14. 0-0 Bd7 15. Bg5 Ng4 16. Qxd5 Qxg5 17. Qxb7 Rc8 18. Rae1 Kd8 19. Qb3 Qg6 20. Re4 Nf6 21. Rxe6 Bxe6 22. Qxe6 Rb8 23. Nc4 Rb5 24. Ne5 1-0

[Event "St Chely d'Aubrac op 8th"]
[Site "St Chely d'Aubrac"]
[Date "2008.07.15"]
[Round "4"]
[White "Roignot, Vincent"]
[Black "Seewer, Kevin"]
[Result "1-0"]
[WhiteElo "1540"]
[BlackElo "1399"]
[PlyCount "163"]
[EventDate "2008.07.13"]
[EventType "swiss"]
[EventRounds "9"]
[EventCountry "FRA"]
[SourceTitle "CBM 125 Extra"]
[Source "ChessBase"]
[SourceDate "2008.09.01"]
[SourceVersion "1"]
[SourceVersionDate "2008.09.01"]
[SourceQuality "1"]

1. e4 e5 2. Nf3 Nc6 3. Nc3 Bb4 4. Bc4 Nf6 5. d3 0-0 6. Bg5 Bxc3+ 7. bxc3 d6 8. h3 Be6 9. Bxe6 fxe6 10. 0-0 Qe8 11. Nd2 Qg6 12. Bxf6 Rxf6 13. Qe2 Raf8 14. Rab1 b6 15. Qe3 a5 16. a3 h6 17. d4 exd4 18. cxd4 e5 19. c3 Qg5 20. Qxg5 hxg5 21. d5 Ne7 22. Nf3 Rg6 23. Nh2 Rgf6 24. Ng4 R6f7 25. Ne3 Rb8 26. c4 Rf4 27. f3 Rff8 28. Rb2 Rfc8 29. Rfb1 Ng6 30. g3 Rf8 31. Kg2 Rf7 32. Nf5 Rbf8 33. Rh1 Ne7 34. Nxe7+ Rxe7 35. h4 gxh4 36. Rxh4 Ref7 37. Rf2 g5 38. Rh6 Kg7 39. Rh5 Kg6 40. g4 a4 41. Rf1 Ra8 42. Rfh1 Kf6 43. Rh6+ Ke7 44. Rh7 Raf8 45. Rxf7+ Rxf7 46. Rh5 Rg7 47. Rh8 Kd7 48. Ra8 Re7 49. Rxa4 Re8 50. Ra7 Rb8 51. Ra4 b5 52. Rb4 c6 53. cxb5 c5 54. Rb1 c4 55. Rc1 Rxb5 56. Rxc4 Rb2+ 57. Kg3 Rb3 58. a4 Ra3 59. Rb4 Kc7 60. Rc4+ Kd7 61. Rc1 Rxa4 62. Rh1 Ke7 63. Rh5 Kf6 64. Rh6+ Ke7 65. Rg6 Ra1 66. Rxg5 Rg1+ 67. Kf2 Rc1 68. Rf5 Rc2+ 69. Kg3 Rc8 70. g5 Rg8 71. Kg4 Rg7 72. Kh5 Ke8 73. Kh6 Rg8 74. Kh7 Rf8 75. Rxf8+ Kxf8 76. g6 Ke7 77. g7 Kd7 78. g8Q Ke7 79. Qg7+ Ke8 80. Kg6 Kd8 81. Qb7 Ke8 82. Qc7 1-0

[Event "St Chely d'Aubrac op 8th"]
[Site "St Chely d'Aubrac"]
[Date "2008.07.14"]
[Round "2"]
[White "Roignot, Vincent"]
[Black "Paris, Yannick"]
[Result "1/2-1/2"]
[WhiteElo "1540"]
[BlackElo "1793"]
[PlyCount "186"]
[EventDate "2008.07.13"]
[EventType "swiss"]
[EventRounds "9"]
[EventCountry "FRA"]
[SourceTitle "CBM 125 Extra"]
[Source "ChessBase"]
[SourceDate "2008.09.01"]
[SourceVersion "1"]
[SourceVersionDate "2008.09.01"]
[SourceQuality "1"]

1. e4 d5 2. exd5 Nf6 3. Nf3 Nxd5 4. d4 Bg4 5. h3 Bh5 6. c4 Nb6 7. Be3 e6 8. a3 Be7 9. Nbd2 0-0 10. Be2 N8d7 11. 0-0 c5 12. Qc2 Bg6 13. Bd3 Bxd3 14. Qxd3 cxd4 15. Bxd4 Bc5 16. Bxc5 Nxc5 17. Qe3 Qc7 18. b4 Ncd7 19. c5 Nd5 20. Qd3 Rfd8 21. Ng5 N7f6 22. Nde4 Nxe4 23. Qxe4 Nf6 24. Qe3 Rd5 25. Ne4 Nxe4 26. Qxe4 Rad8 27. Qf3 Rd3 28. Qe2 Rd2 29. Qf3 R8d3 30. Qg4 Qd7 31. Qf4 Qd8 32. Qe5 Rd5 33. Qf4 g5 34. Qf3 R2d3 35. Qe2 Qd7 36. Qc2 Rd2 37. Qc3 Qe7 38. Qf3 R5d3 39. Qg4 f5 40. Qh5 Qd8 41. Qh6 Qe7 42. Qh5 Kg7 43. Rfd1 Qd8 44. Rxd2 Rxd2 45. Qf3 Qd7 46. Qe3 f4 47. Qe5+ Kg6 48. Qe4+ Kh5 49. Re1 Ra2 50. Qxe6 Qxe6 51. Rxe6 Rxa3 52. Re7 a5 53. Rxh7+ Kg6 54. Rxb7 axb4 55. Rxb4 Rc3 56. Rb6+ Kf5 57. Rc6 Ke4 58. f3+ Kd4 59. Rd6+ Kxc5 60. Rg6 Kd4 61. Rxg5 Rc1+ 62. Kh2 Ke3 63. Re5+ Kf2 64. Ra5 Rc6 65. h4 Rh6 66. Kh3 Rg6 67. Rg5 Rh6 68. Kg4 Kxg2 69. Kxf4+ Kh3 70. Rg4 Rf6+ 71. Ke4 Re6+ 72. Kf5 Re8 73. h5 Rf8+ 74. Ke4 Re8+ 75. Kf4 Rf8+ 76. Ke3 Rh8 77. Rg1 Kh4 78. Rh1+ Kg5 79. Rg1+ Kf5 80. Rh1 Re8+ 81. Kf2 Rh8 82. Rh4 Kg5 83. Kg3 Kh6 84. f4 Rg8+ 85. Rg4 Rf8 86. Kh4 Rf6 87. Kg3 Kxh5 88. Rg5+ Kh6 89. Kg4 Rg6 90. Kf5 Rxg5+ 91. fxg5+ Kg7 92. g6 Kg8 93. Kf6 Kf8 1/2-1/2